| 000 | 01587nam a22002657a 4500 | ||
|---|---|---|---|
| 005 | 20120119112250.0 | ||
| 008 | 120119t xxu||||| |||| 00| 0 eng d | ||
| 010 | _aENG-104778 | ||
| 020 |
_a9788132107057 _c795.00 |
||
| 035 | _aEN-88311 | ||
| 037 | _bDBAD/PUB | ||
| 040 |
_aDPL _bEng |
||
| 082 | 0 | 0 |
_a332 _223 |
| 100 | 1 |
_aSrinivasan, N. _939606 |
|
| 245 | 1 | 0 |
_aMicrofinance India : _bstate of the sector report 2011 / _cby N. Srinivasan |
| 260 |
_aNew Delhi _bSAGE Publications _c2011 |
||
| 270 |
_aB1/I-1 Mohan Cooperative Industrial Area, Mathura Road _bNew Delhi _e110044 |
||
| 300 |
_axviii,145p. _c27cm(pbk) |
||
| 500 | _aIncludes bibliographical references and index. | ||
| 505 | 0 | _aOverview : despair to hope -- Self-help group bank linkage programme : early signs of a new thrust -- Microfinance institutions : slow recovery from a disaster -- Andhra pradesh : ream turns nightmare -- Investment climate : fairweather partners -- Social performance management : beyond responsible finance and customer protection -- Policy environment and the regulation : hard times ahead -- National rural livelihoods mission : will it go beyond finance? -- Financial inclusion : march of the banks -- Global trends in microfinance -- Future : beginning again? -- Appendix -- Bibliography -- Index -- About the author. | |
| 650 | 0 |
_aMicrofinance _zIndia. _939607 |
|
| 942 |
_2ddc _cEN _h332 _mSRI |
||
| 999 |
_c61168 _d61168 |
||